Zero carbon for new non-domestic buildings (Record no. 110292)
[ view plain ]
| 000 -LEADER | |
|---|---|
| fixed length control field | 01187cad a22002415 4500 |
| 001 - CONTROL NUMBER | |
| control field | E148943 |
| 008 - FIXED-LENGTH DATA ELEMENTS--GENERAL INFORMATION | |
| fixed length control field | 091202e20091124xxk f 000 0 eng u |
| 020 ## - INTERNATIONAL STANDARD BOOK NUMBER | |
| International Standard Book Number | 9781409820376 |
| 035 ## - SYSTEM CONTROL NUMBER | |
| System control number | (Sirsi) u148943 |
| 041 0# - LANGUAGE CODE | |
| Language code of text/sound track or separate title | eng |
| 050 ## - LIBRARY OF CONGRESS CALL NUMBER | |
| Classification number | 333.72 $2 18 |
| 110 1# - MAIN ENTRY--CORPORATE NAME | |
| Corporate name or jurisdiction name as entry element | United Kingdom |
| Subordinate unit | Department for Communities and Local Government |
| 9 (RLIN) | 4939 |
| 245 00 - TITLE STATEMENT | |
| Title | Zero carbon for new non-domestic buildings |
| Remainder of title | consultation on policy options |
| Medium | [electronic resource] |
| 260 ## - PUBLICATION, DISTRIBUTION, ETC. | |
| Place of publication, distribution, etc. | London |
| Name of publisher, distributor, etc. | DCLG |
| Date of publication, distribution, etc. | 2009 |
| 520 ## - SUMMARY, ETC. | |
| Summary, etc. | The Government proposes that all new non-domestic buildings should be zero carbon from 2019, with new public sector buildings achieving this target in 2018. This consultation seeks views on the policy options and future proposals for achieving this aim. |
| 520 ## - SUMMARY, ETC. | |
| Summary, etc. | Deadline for comments is 26 February 2010. |
| 590 ## - LOCAL NOTE (RLIN) | |
| Local note | KA |
| 650 24 - SUBJECT ADDED ENTRY--TOPICAL TERM | |
| Topical term or geographic name entry element | COMMERCIAL ENERGY PERFORMANCE CERTIFICATES |
| 651 #4 - SUBJECT ADDED ENTRY--GEOGRAPHIC NAME | |
| Geographic name | England |
| Chronological subdivision | 886- |
| 690 ## - LOCAL SUBJECT ADDED ENTRY--TOPICAL TERM (OCLC, RLIN) | |
| Topical term or geographic name as entry element | ENVIRONMENTAL AND LAND CONSULTANCY-ENERGY-ENERGY USE-ENERGY EFFICIENCY |
| 856 40 - ELECTRONIC LOCATION AND ACCESS | |
| Uniform Resource Identifier | <a href="https://www.communities.gov.uk/publications/planningandbuilding/newnondomesticconsult">https://www.communities.gov.uk/publications/planningandbuilding/newnondomesticconsult</a> |
| Public note | View the consultation free of charge at www.communities.gov.uk... |
| 942 ## - ADDED ENTRY ELEMENTS (KOHA) | |
| Suppress in OPAC | 0 |
| Withdrawn status | Lost status | Source of classification or shelving scheme | Damaged status | Not for loan | Home library | Current library | Shelving location | Date acquired | Total Checkouts | Full call number | Barcode | Date last seen | Copy number | Price effective from | Koha item type |
|---|---|---|---|---|---|---|---|---|---|---|---|---|---|---|---|
| Dewey Decimal Classification | Virtual | Virtual | Online | 02/12/2009 | ONLINE PUBLICATION | 148943-2001 | 06/08/2019 | 1 | 06/08/2019 | Book |